| Registos Bibliográficos associados ao registo de autoridade |
|
Etiqueta de registo: 00619cam 22002171 450 001 749303 003 http://id.bnportugal.gov.pt/bib/catbnp/749303 005 20000103113300.0 095 ## $aPTBN00536595 100 ## $a19940112a19499999m y0pory0103 ba 101 0# $apor 102 ## $aPT 200 1# $aCaça e pesca$fdir. José da Rocha Ramos$ged. lit. Henriques Sequeira 210 #9 $a[S.l.$cs.n.],$d1949-$eLisboa :$gComp. Nac. Editora) 215 ## $d28 cm 702 #1 $aRamos,$bJosé da Rocha$4300$369652 702 #1 $aSequeira,$bHenrique$4340$3718823 801 #0 $aPT$bBN$gRPC 966 ## $lBN$mFGREV$sP.P. 58 V. 997 ## $aBIBEOD 998 ## $aCB015-292
Etiqueta de registo: 00876cam 22002893 450 001 635151 003 http://id.bnportugal.gov.pt/bib/catbnp/635151 005 19990105000000.0 021 ## $aPT$b97766/96 095 ## $aPTBN00846777 100 ## $a19961206d1996 m y0pory0103 ba 101 0# $apor 102 ## $aPT 105 ## $aa z 001yy 106 ## $ar 200 1# $aCovelo ontem e hoje$ebreves apontamentos para uma monografia$fJosé da Rocha Ramos 210 #9 $aPorto$c[s.n.],$d1996$ePorto :$gImp. Portuguesa) 215 ## $a366, [1] p.$cil.$d24 cm 320 ## $aBibliografia, p. 359-361 607 ## $2SIPOR$3234911 675 ## $a908(469.121)$vBN$zpor$3290971 700 #1 $aRamos,$bJosé da Rocha$369652 801 #0 $aPT$bBN$gRPC 966 ## $c2$lBN$mFGMON$sH.G. 42853 V.$x1 966 ## $c2$lBN$mFGMON$sH.G. 42853 V.$x1
Etiqueta de registo: 00825cam 2200265 450 001 367147 003 http://id.bnportugal.gov.pt/bib/catbnp/367147 005 19981230000000.0 095 ## $aPTBN00391801 100 ## $a19920902d1991 m y0pory0103 ba 101 0# $apor 102 ## $aPT 105 ## $aa z 001yb 106 ## $ar 200 1# $aLuís das Neves Lobo$esua vida e obra$fJosé da Rocha Ramos 210 #9 $aCovelo$c[s.n.],$d1991$ePorto :$gImprensa Portuguesa) 215 ## $a58, [2] p., [12] f. il.$cil.$d21 cm 600 #1 $aLobo,$bLuís das Neves,$f1851-1925$j[Biografias]$2SIPOR$372193 675 ## $a929Lobo, Luís das Neves$vBN$zpor$31101139 700 #1 $aRamos,$bJosé da Rocha$369652 801 #0 $aPT$bBN$gRPC 966 ## $c2$lBN$mFGMON$sH.G. 40387 V.$x1 966 ## $c2$lBN$mFGMON$sH.G. 40387 V.$x1 997 ## $aBIBEOD
Etiqueta de registo: 00947cas 02200313 04500 001 343641 003 http://id.bnportugal.gov.pt/bib/catbnp/343641 005 19981229000000.0 021 ## $aPT$b52926/92 095 ## $aPTBN00363647 100 ## $a19920609b19922001m y0pory0103 ba 101 0# $apor 102 ## $aPT 106 ## $ae 110 ## $acfazz..0yy0 200 1# $aCruz de Malta$emensário do Grupo Cultural e Recreativo de Rossas$fdir. José da Rocha Ramos 207 #0 $aA. 1, n. 0 (Abr. 1992)-nº 105 (Jan. 2001) 210 #9 $aRossas,Arouca$cG.C.R.R.,$d1992-2001 215 ## $d43 cm 326 ## $aMensal 606 ## $aPublicações de associações recreativas$2BN-P$3330188 620 ## $dRossas 675 ## $a008(469.321)(05)$vBN$zpor$3489160 702 #1 $aRamos,$bJosé da Rocha$4300$369652 712 02 $aGrupo Cultural e Recreativos de Rossas$4650$369653 801 #0 $aPT$bBN$gRPC 966 ## $c2$dA. 1$en. 0$lBN$mFGJOR$sJ. 5090 V.$x1
Etiqueta de registo: 00880cam 2200301 450 001 886135 003 http://id.bnportugal.gov.pt/bib/catbnp/886135 005 19990511000000.0 010 ## $a972-9156-27-1 021 ## $aPT$b1239 095 ## $aPTBN01014204 100 ## $a19981021d1997 m y0pory0103 ba 101 0# $apor 102 ## $aPT 105 ## $aa z 001yb 106 ## $ar 200 1# $aPadre Américo$emístico do nosso tempo$fJosé da Rocha Ramos 210 #9 $aPaço de Sousa$cCasa do Gaiato,$d1997 215 ## $a225, [4] p.$cil.$d21 cm 225 2# $aCasa do Gaiato$v24 600 #0 $aAmérico,$cPadre,$f1887-1956$j[Biografias]$2SIPOR$31046075 675 ## $a929Américo, Padre$vBN$zpor$31190689 675 ## $a272-726.1/.6Américo, Padre$vBN$zpor$31585594 700 #1 $aRamos,$bJosé da Rocha$369652 801 #0 $aPT$bBN$gRPC 966 ## $c2$lBN$mFGMON$sR. 19546 V.$x1 966 ## $c2$lBN$mFGMON$sR. 19546 V.$x1
|
|
|